| 000 | 00744nam a2200193 i 4500 | ||
|---|---|---|---|
| 001 | 151799 | ||
| 003 | ES-MaACL | ||
| 005 | 20250903022217.0 | ||
| 008 | 931025s1895 sp |||| | spa d | ||
| 100 | 1 |
_aBellido Carbayo, Juan Manuel. _927215 |
|
| 245 | 1 | 0 |
_aTratado de física empírico-matemática _b: para uso de seminarios conciliares y establecimientos de enseñanza oficial / _cpor Juan Manuel Bellido Carbayo. |
| 250 | _a2ª ed. | ||
| 260 |
_aMadrid : _b[s.n.], _c1895 ( _fImp. y Litogr. del Asilo de Huérfanos del Sagrado Corazón de Jesús) |
||
| 300 |
_a1177 p. ; _c25 cm. |
||
| 650 | 0 | 7 |
_aFísica matemática _2embne _912887 |
| 752 |
_aEspaña - _dMadrid |
||
| 852 |
_aES-MaACL _jB-1817 _z- Enc. hol. |
||
| 999 |
_c151799 _d151799 |
||